مكتبة جامعة عجلون الوطنية

فهرس بحث المكتبة

Silent Moments the Description of before and after Death Aspects=لحظات ساكنة (Record no. 1892)

MARC details
000 -LEADER
fixed length control field 00733nam a2200229Ii 4500
003 - CONTROL NUMBER IDENTIFIER
control field JO-AjNU
008 - FIXED-LENGTH DATA ELEMENTS--GENERAL INFORMATION
fixed length control field 230606s9999||||xx |||||||||||||| ||und||
017 ## - COPYRIGHT OR LEGAL DEPOSIT NUMBER
Copyright or legal deposit number 1425/2281
020 ## - INTERNATIONAL STANDARD BOOK NUMBER
International Standard Book Number 9960-899-29-2
040 ## - CATALOGING SOURCE
Original cataloging agency JO-AjNU
Language of cataloging eng
Description conventions rda
Transcribing agency JO-AjNU
041 ## - LANGUAGE CODE
Language code of text/sound track or separate title eng
050 14 - LIBRARY OF CONGRESS CALL NUMBER
Classification number BP170.85 2004
100 3# - MAIN ENTRY--PERSONAL NAME
Personal name Al-Qasim, Abdul Malik , Translated by: Jalal Abualrub,
Relator term author
9 (RLIN) 3627
245 00 - TITLE STATEMENT
Title Silent Moments the Description of before and after Death Aspects=لحظات ساكنة
250 ## - EDITION STATEMENT
Edition statement 2nd Edition
264 31 - PRODUCTION, PUBLICATION, DISTRIBUTION, MANUFACTURE, AND COPYRIGHT NOTICE
Place of production, publication, distribution, manufacture Riyadh: Darussalam, 2004
300 ## - PHYSICAL DESCRIPTION
Extent 126p
336 ## - CONTENT TYPE
Content type term text
Content type code txt
Source rdacontent
337 ## - MEDIA TYPE
Media type term unmediated
Media type code n
Source rdamedia
338 ## - CARRIER TYPE
Carrier type term volume
Carrier type code nc
Source rdacarrier
650 #4 - SUBJECT ADDED ENTRY--TOPICAL TERM
Topical term or geographic name entry element Death- Religious aspects- Islam
9 (RLIN) 3628
Holdings
Withdrawn status Lost status Source of classification or shelving scheme Damaged status Not for loan Home library Current library Shelving location Date acquired Total Checkouts Full call number Barcode Date last seen Price effective from Koha item type
    Library of Congress Classification     مكتبة جامعة عجلون الوطنية مكتبة جامعة عجلون الوطنية المجموعات العامة 06/06/2023   BP170.85 2004 E1892 06/06/2023 06/06/2023 Books